LEADER 01021nam a2200241 i 4500 001 000000048456 003 CaOOAMICUS 005 20240408154902.0 008 960627s1969 it u000 u ita u 040 $aSeMil$bita 100 1 $aParatore, Ettore,$d<1907-2000>.$0(OLS)http://semarc/name/18047 245 10$aAntologia latina dell'età augustea /$cEttore Paratore. 264 1$aMilano :$bSansoni :$bAccademia,$c1969. 300 $a526 p. ;$c20 cm 490 1 $aLe antologie delle letterature del mondo 650 4$aLetteratura latina - Antologie.$0(OLS)http://semarc/subject/40077 830 3$aLe antologie delle letterature del mondo.$0(OLS)http://semarc/title/448204 850 $aSeMil 852 $aSeMil$W1$xVenegono$y1$m1X II 229$j14611$B14611$CSeMilBibl$Z2$F14611 $81 961 $aOmaggio: Ciprandi dott. Paolo 996 $6245$aAntologia latina dell'età augustea$9(OLS)http://semarc/title/73343 996 $6264$aMilano :$bSansoni :$bAccademia$9(OLS)http://semarc/publisher/61684 LEADER 01256nam a2200277 i 4500 001 000000070096 003 CaOOAMICUS 005 20040519000000.0 008 040519s1969 it u000 u ita u 013 $a41268 040 $aSeMil$bita 100 1 $aUtrillo, Maurice <1883-1955>.$0(OLS)http://semarc/name/34930 245 10$aUtrillo e Montmartre /$cdi Pierre Courthion. 260 $aMilano :$bFratelli Fabbri Editori,$ccopyr. 1969. 300 $a100 p. :$briccamente ill. ;$c31 cm. 490 0 $aMensili d'arte : [scuole, movimenti, personalità della pittura moderna] ;$v30 500 $aContiene : Bibliografia. 650 4$aUtrillo, Maurice.$0(OLS)http://semarc/subject/13962 650 4$aPittura francese - Sec. 19.-20.$0(OLS)http://semarc/subject/11337 700 1 $aCourthion, Pierre.$0(OLS)http://semarc/name/18365 830 0$aMensili d'arte : [scuole, movimenti, personalità della pittura moderna] ;$v30.$0(OLS)http://semarc/title/590 850 $aSeMil 852 $aSeMil$W1$xVenegono$y1$m5J VI 30$j36249$B36249$CSeMilBibl$Z2$F36252 $81 961 $aOmaggio: Donazione 996 $6245$aUtrillo e Montmartre$9(OLS)http://semarc/title/112435 996 $6260$aMilano :$bFratelli Fabbri Editori$9(OLS)http://semarc/publisher/29845